00251nam a2200109 a 4500008004100000020001500041050001500056100002200071245003000093260000900123350000900132120416s0000 xx |||||||||||||| || u a0521558840 aQA 911 Cha aChari, Vyjayanthi12aA guide to quantum groups c1994 a0.00